000 01213cab a2200241 4500
001 WB3411-15
008 090401t1998 xxu||||| |||| 00| 0 eng d
035 _a(Sirsi) u85037
041 _aeng
245 _aCompensation
260 _c1998
350 _a0
490 _aEstates Gazette
_v[1998] EGCS 35 (14/03/1998)
520 _a"English Property Corporation plc v Kingston upon Thames RLBC" CA 5 March 1998. K acquired a strip of land by compulsory purchase order, for highway purposes. In assessing the compensation payable, the LT found that K had given notice to a new development (built by E) that the land was being acquired and they have kept the area clear. However, part of the buildings hung over the land. Compensation was set at £171,400. Both parties were unsatisfied and appealed. Appeal by K allowed and the figure of £85,700 substituted.
650 _aCOMPENSATION
650 _aENGLISH PROPERTY CORPORATION PLC V KINGSTON UPON THAMES RLBC
650 _aMIXED-DEVELOPMENT
650 _aPLANNING PERMISSION
650 _aSEVERANCE
690 _aENVIRONMENTAL AND LAND CONSULTANCY-PLANNING AND DEVELOPMENT-COMPULSORY PURCHASE AND COMPENSATION
942 _n0
948 _c18/03/1998
999 _c53459
_d53459